| 000 | 005700000a22001810004500 | ||
|---|---|---|---|
| 003 | MACL | ||
| 005 | 20160406134840.0 | ||
| 008 | 160406b xxu||||| |||| 00| 0 eng d | ||
| 040 |
_aMACL _cMACL |
||
| 041 | _aHindi | ||
| 082 | _a500 | ||
| 100 |
_aमेदनिकोव जी _950786 |
||
| 245 | _aजीव विज्ञान के सिद्धान्त | ||
| 260 |
_bविज्ञान शिक्षा संस्थान _c2004 _aगाजियाबाद |
||
| 350 | _a250 | ||
| 650 |
_aLifeScience _950787 |
||
| 942 |
_cHIN _k500 _2ddc |
||
| 999 |
_c12791 _d12791 |
||